| 000 | 00520nam a22002057a 4500 | ||
|---|---|---|---|
| 001 | sjds | ||
| 003 | sjds | ||
| 005 | 20240113115057.0 | ||
| 008 | 240113b |||||||| |||| 00| 0 eng d | ||
| 020 | _a9781588655615 | ||
| 020 | _a158865561X | ||
| 040 | _csjds | ||
| 041 | _aeng | ||
| 100 | 1 | 0 | _aAcker, Kerry |
| 245 | 1 | 0 |
_aCreepy creatures _cKerry Acker |
| 260 |
_aChicago, Ill. : _bKidsbooks, Chicago, Ill., _cc2009. |
||
| 300 |
_a76 pages : _bcolor illustrations ; _c31 cm |
||
| 440 | _a Eyes on nature | ||
| 942 | _cBK | ||
| 999 |
_c28740 _d28740 |
||